00301nam a2200121Ia 4500008004100000082002000041100002000061245001700081250000800098260004600106300001000152650001700162150201s2003 xx 000 0 und d a612.015bB2003U aSATYANARAYAN,V. aBIOCHEMISTRY a2ND bBOOKS & ALLIED PUBLICATIONaKOLKATAc2003 a1-694 aBIOCHEMISTRY